| 000 | 00625nam a2200217Ia 4500 | ||
|---|---|---|---|
| 005 | 20250508163904.0 | ||
| 008 | 008 250505s9999 xx 000 0 eng d | ||
| 020 | _a81-230-1005-2 | ||
| 037 | _aReference | ||
| 040 |
_aFEDL _beng _cFEDL |
||
| 041 |
_aeng _2eng |
||
| 084 |
_a315.4, IND _qFEDL |
||
| 245 | 0 | _aIndia 2002: A reference annual | |
| 245 | 0 | _cIndia , Information and Broadcasting (Ministry of-) | |
| 260 |
_aNew Delhi, India _bGovt. of India _c2002 |
||
| 300 | _a868p | ||
| 365 |
_aINR _b240 |
||
| 650 |
_aInformation India _9776679 |
||
| 942 |
_cREF _h315.4, IND |
||
| 999 |
_c1385804 _d1385804 |
||